[Event "Treviglio Province-ch"]
[Site "Treviglio"]
[Date "2014.01.19"]
[Round "2"]
[White "Ventura, Salvatore"]
[Black "Mansueti, Marco"]
[Result "1-0"]
[WhiteElo "2045"]
[BlackElo "1865"]
[PlyCount "91"]
[EventDate "2014.01.18"]
[EventType "swiss"]
[EventRounds "6"]
[EventCountry "ITA"]
[SourceTitle "EXT 2016"]
[Source "ChessBase"]
[SourceDate "2015.10.08"]
[SourceVersion "1"]
[SourceVersionDate "2015.10.08"]
[SourceQuality "1"]

1. e4 e5 2. Nf3 Nc6 3. Bb5 Nf6 4. d3 d6 5. c3 g6 6. 0-0 Bg7 7. Re1 0-0 8. Bg5 a6 9. Ba4 b5 10. Bc2 Bb7 11. a4 h6 12. Bd2 d5 13. axb5 axb5 14. Na3 Ba6 15. b4 Qd6 16. Be3 d4 17. cxd4 exd4 18. Bd2 Nd7 19. Rb1 Rab8 20. Bb3 Kh7 21. Ba2 Nde5 22. Nxe5 Bxe5 23. g3 g5 24. Rf1 f5 25. f4 gxf4 26. gxf4 Bh8 27. e5 Nxe5 28. fxe5 Rg8+ 29. Bxg8+ Rxg8+ 30. Kf2 Qxe5 31. Qf3 Qxh2+ 32. Ke1 Qe5+ 33. Kd1 Bc8 34. Bf4 Qe6 35. Rb2 Qa6 36. Nc2 Bb7 37. Qh5 Qf6 38. Ne1 Rg4 39. Re2 Bg7 40. Be5 Qe6 41. Qxf5+ Qxf5 42. Rxf5 Bc8 43. Rf7 Rg6 44. Rxg7+ Rxg7 45. Bxg7 Kxg7 46. Re7+ 1-0

[Event "Crema op 14th"]
[Site "Crema"]
[Date "2012.08.31"]
[Round "2"]
[White "Agnelli, Francesco"]
[Black "Mansueti, Marco"]
[Result "1-0"]
[WhiteElo "2034"]
[BlackElo "1839"]
[PlyCount "97"]
[EventDate "2012.08.31"]
[EventType "swiss"]
[EventRounds "6"]
[EventCountry "ITA"]
[SourceTitle "EXT 2014"]
[Source "ChessBase"]
[SourceDate "2013.11.20"]
[SourceVersion "1"]
[SourceVersionDate "2013.11.20"]
[SourceQuality "1"]

1. e4 e5 2. Nf3 Nc6 3. Bb5 Nf6 4. d3 d6 5. c3 a6 6. Ba4 b5 7. Bb3 Be7 8. Nbd2 0-0 9. Nf1 d5 10. Qe2 dxe4 11. dxe4 Bc5 12. Ng3 Qe8 13. Bg5 Be6 14. Bxf6 gxf6 15. Nh4 Kh8 16. Qf3 Be7 17. Nhf5 Rg8 18. Bd5 Bf8 19. Nh5 Rg6 20. Nh4 Bxd5 21. Nxg6+ fxg6 22. Qxf6+ Kg8 23. exd5 Ne7 24. Qe6+ Qf7 25. Nf6+ Kg7 26. Qxf7+ Kxf7 27. Ng4 Nxd5 28. Nxe5+ Ke6 29. Nf3 Bd6 30. 0-0 Rf8 31. Rfe1+ Kf6 32. Rad1 Nf4 33. g3 Nh5 34. Nd4 Ng7 35. Kg2 Rf7 36. f4 Rd7 37. Nf3 h6 38. Ne5 Rd8 39. Ng4+ Kf7 40. Nxh6+ Kf6 41. Ng4+ Kf7 42. Kf3 Nf5 43. Ne5+ Kf6 44. g4 Ne7 45. h4 Rh8 46. Kg3 Rd8 47. Nf3 Rf8 48. Ng5 Re8 49. Ne4+ 1-0

[Event "Crema op 14th"]
[Site "Crema"]
[Date "2012.08.31"]
[Round "1"]
[White "Mansueti, Marco"]
[Black "Poletti, Guido"]
[Result "1-0"]
[WhiteElo "1839"]
[BlackElo "1371"]
[PlyCount "69"]
[EventDate "2012.08.31"]
[EventType "swiss"]
[EventRounds "6"]
[EventCountry "ITA"]
[SourceTitle "EXT 2014"]
[Source "ChessBase"]
[SourceDate "2013.11.20"]
[SourceVersion "1"]
[SourceVersionDate "2013.11.20"]
[SourceQuality "1"]

1. e4 d5 2. exd5 Nf6 3. d4 e6 4. dxe6 Bxe6 5. Nf3 c6 6. Be2 Na6 7. 0-0 Be7 8. Bxa6 bxa6 9. Qe2 Qc8 10. Nc3 0-0 11. Ng5 Bd6 12. Nxe6 Qxe6 13. Qxe6 fxe6 14. h3 e5 15. Be3 Rfd8 16. Rfd1 Kf7 17. dxe5 Bxe5 18. Rxd8 Rxd8 19. Rd1 Rxd1+ 20. Nxd1 Bb8 21. Kf1 a5 22. Ke2 Nd5 23. c4 Nb6 24. Kd3 Ke6 25. Nc3 Nd7 26. b3 a6 27. Ne4 Ne5+ 28. Kc3 Nd7 29. Ng5+ Kf5 30. Nxh7 Bd6 31. Ng5 Nc5 32. g4+ Kf6 33. f4 a4 34. Bxc5 Bxc5 35. Ne4+ 1-0

[Event "Crema op 13th"]
[Site "Crema"]
[Date "2011.09.03"]
[Round "4"]
[White "Mansueti, Marco"]
[Black "Falchi, Claudio"]
[Result "1/2-1/2"]
[WhiteElo "1856"]
[BlackElo "1742"]
[PlyCount "53"]
[EventDate "2011.09.02"]
[EventType "swiss"]
[EventRounds "6"]
[EventCountry "ITA"]
[SourceTitle "EXT 2022"]
[Source "ChessBase"]
[SourceDate "2021.10.06"]
[SourceVersion "1"]
[SourceVersionDate "2021.10.06"]
[SourceQuality "1"]

1. d4 e6 2. c4 f5 3. Nc3 Nf6 4. g3 d5 5. cxd5 exd5 6. Bg2 c6 7. Nf3 Bd6 8. 0-0 0-0 9. Ne5 Nbd7 10. f4 Ne4 11. Nxe4 fxe4 12. Qb3 Qb6 13. Qxb6 axb6 14. Bd2 b5 15. e3 Nb6 16. b3 Be6 17. Rfc1 Bd7 18. Bf1 Ra3 19. Rc2 Rfa8 20. Rb2 Be6 21. Be2 Nd7 22. g4 g6 23. h3 Nb8 24. Kg2 Na6 25. b4 Nb8 26. Kf2 Nd7 27. Bd1 1/2-1/2

[Event "Milan Crespi op-B 31th"]
[Site "Milan"]
[Date "2010.12.07"]
[Round "5"]
[White "Nepi, Ezio"]
[Black "Mansueti, Marco"]
[Result "1/2-1/2"]
[WhiteElo "1904"]
[BlackElo "1873"]
[PlyCount "71"]
[EventDate "2010.12.04"]
[EventType "swiss"]
[EventRounds "7"]
[EventCountry "ITA"]
[SourceTitle "EXT 2024"]
[Source "ChessBase"]
[SourceDate "2023.10.10"]
[SourceVersion "1"]
[SourceVersionDate "2023.10.10"]
[SourceQuality "1"]

1. d4 d5 2. c4 e6 3. cxd5 exd5 4. Nc3 Nf6 5. Bg5 Be7 6. e3 0-0 7. Qc2 c6 8. Bd3 h6 9. Bh4 Nbd7 10. Nf3 Re8 11. 0-0 Ne4 12. Bxe4 Bxh4 13. Bh7+ Kh8 14. Bd3 Be7 15. Rab1 b6 16. b4 Bb7 17. Rfc1 Bd6 18. a4 a6 19. a5 b5 20. Ne2 Qe7 21. Qd2 Nf6 22. Ng3 Bxg3 23. hxg3 Qe6 24. Rb3 Ng4 25. Rbc3 Rac8 26. Bb1 g6 27. Qe2 Kg7 28. Nd2 Nf6 29. Nb3 Nd7 30. Nc5 Nxc5 31. Rxc5 f5 32. R1c3 Re7 33. Qc2 Qd7 34. g4 Rf7 35. gxf5 Rxf5 36. Qe2 1/2-1/2

[Event "Crema op 12th"]
[Site "Crema "]
[Date "2010.09.05"]
[Round "4"]
[White "Mansueti, Marco"]
[Black "Pace, Roberto"]
[Result "1/2-1/2"]
[WhiteElo "1872"]
[BlackElo "1984"]
[PlyCount "115"]
[EventDate "2010.09.05"]
[EventType "swiss"]
[EventRounds "6"]
[EventCountry "ITA"]
[SourceTitle "EXT 2012"]
[Source "ChessBase"]
[SourceDate "2011.11.24"]
[SourceVersion "1"]
[SourceVersionDate "2011.11.24"]
[SourceQuality "1"]

1. e4 c5 2. Nf3 d6 3. d4 cxd4 4. Nxd4 Nf6 5. Nc3 a6 6. Be2 e6 7. Be3 Be7 8. 0-0 Qc7 9. f4 Nbd7 10. Qd2 b5 11. Bf3 Bb7 12. b4 Rc8 13. Nde2 0-0 14. Rab1 Nb6 15. Qd3 Rfd8 16. Rfd1 d5 17. e5 Ne4 18. Bd4 Nxc3 19. Qxc3 Nc4 20. Qd3 Bc6 21. c3 Ra8 22. f5 Nxe5 23. Bxe5 Qxe5 24. fxe6 fxe6 25. Nd4 Bd7 26. Re1 Qf6 27. Re3 Bd6 28. Rbe1 Bf4 29. R3e2 Rac8 30. Nxe6 Rxc3 31. Qxd5 Bxe6 32. Rxe6 Rxd5 33. Re8+ Kf7 34. Bxd5+ Kg6 35. R8e6 Be3+ 36. Kh1 Qxe6 37. Bxe6 Kf6 38. Bd5 Ke5 39. Bb7 Ra3 40. Bxa6 Rxa6 41. Rxe3+ Kd4 42. Re7 Rxa2 43. h4 g6 44. Rxh7 Kc4 45. Rh6 Ra6 46. h5 Ra1+ 47. Kh2 gxh5 48. Rxh5 Kxb4 49. g4 Kc4 50. g5 b4 51. Rh3 Ra8 52. Rh4+ Kc3 53. Kg3 Rg8 54. Rg4 b3 55. Kf4 b2 56. Rg3+ Kb4 57. Rg1 Ka3 58. Kf5 1/2-1/2

[Event "Lombardia Region-ch"]
[Site "Solaro"]
[Date "2010.05.30"]
[Round "5"]
[White "Iori, Edmondo"]
[Black "Mansueti, Marco"]
[Result "0-1"]
[WhiteElo "1520"]
[BlackElo "1866"]
[PlyCount "94"]
[EventDate "2010.05.28"]
[EventType "swiss"]
[EventRounds "5"]
[EventCountry "ITA"]
[SourceTitle "EXT 2024"]
[Source "ChessBase"]
[SourceDate "2023.10.10"]
[SourceVersion "1"]
[SourceVersionDate "2023.10.10"]
[SourceQuality "1"]

1. e4 e5 2. Nf3 Nc6 3. Bc4 Nf6 4. d3 Bc5 5. 0-0 d6 6. h3 0-0 7. Bg5 h6 8. Bh4 Be6 9. Bxe6 fxe6 10. c4 Qe8 11. Nc3 a6 12. a3 Nd4 13. Rc1 Qh5 14. Nxd4 Bxd4 15. Bg3 Qg6 16. Kh2 Nh5 17. Rc2 Nxg3 18. fxg3 Rxf1 19. Qxf1 Rf8 20. Qe1 Rf6 21. Nd1 Qf7 22. Ne3 h5 23. b4 b6 24. Qe2 c5 25. bxc5 bxc5 26. Ra2 Qb7 27. Nd1 Qb1 28. Rd2 g6 29. a4 Kg7 30. h4 Qb3 31. Ra2 Rf1 32. Rd2 Bg1+ 33. Kh3 Be3 34. Qxf1 Bxd2 35. Qe2 Bh6 36. g4 hxg4+ 37. Kxg4 Qxa4 38. Nf2 Qd7 39. Nh3 a5 40. Ng5 Bxg5 41. Kxg5 Qd8+ 42. Kg4 d5 43. exd5 Qf6 44. d6 Kf7 45. Kh3 a4 46. g4 a3 47. Qe4 Qf1+ 0-1

[Event "Lombardia Region-ch"]
[Site "Solaro"]
[Date "2010.05.30"]
[Round "4"]
[White "Mansueti, Marco"]
[Black "Pandini, Giuseppe"]
[Result "1-0"]
[WhiteElo "1866"]
[BlackElo "1718"]
[PlyCount "113"]
[EventDate "2010.05.28"]
[EventType "swiss"]
[EventRounds "5"]
[EventCountry "ITA"]
[SourceTitle "EXT 2024"]
[Source "ChessBase"]
[SourceDate "2023.10.10"]
[SourceVersion "1"]
[SourceVersionDate "2023.10.10"]
[SourceQuality "1"]

1. e4 b6 2. d4 e6 3. Nc3 Bb7 4. Bd3 Be7 5. Nge2 Nf6 6. f3 c5 7. Be3 0-0 8. 0-0 Nc6 9. e5 Ne8 10. f4 f5 11. d5 exd5 12. Nxd5 Nc7 13. Nxc7 Qxc7 14. Bc4+ Kh8 15. Nc3 Na5 16. Bd5 Nc6 17. a3 a6 18. Qd3 b5 19. Rad1 Rad8 20. Bf3 c4 21. Qe2 Nb8 22. Bxb7 Qxb7 23. Nd5 d6 24. Bb6 Rc8 25. e6 Nc6 26. Qe3 Rfe8 27. Rfe1 Nd8 28. Kh1 Nc6 29. Nxe7 Qxe7 30. Rd5 g6 31. Qc3+ Kg8 32. Bd4 Nxd4 33. Qxd4 Rc6 34. h3 Rd8 35. Rd1 Qxe6 36. Re5 Qf7 37. Rde1 dxe5 38. Qxd8+ Kg7 39. Rxe5 Re6 40. Rc5 Re7 41. Rc6 Rd7 42. Qb8 Ra7 43. Qd6 Qb7 44. Rb6 Qa8 45. Rb8 Qxb8 46. Qxb8 Rf7 47. Qb6 Rf6 48. Qd4 h6 49. Kg1 g5 50. Kf2 Kg6 51. Kf3 h5 52. fxg5 Kxg5 53. Qd8 f4 54. h4+ Kg6 55. Qg8+ Kf5 56. Qg5+ Ke6 57. Qxh5 1-0

[Event "Ceriano Laghetto op-B 19th"]
[Site "Ceriano Laghetto"]
[Date "2010.03.??"]
[Round "3"]
[White "Clerici, Samuele"]
[Black "Mansueti, Marco"]
[Result "1/2-1/2"]
[WhiteElo "1782"]
[BlackElo "1860"]
[PlyCount "72"]
[EventDate "2010.03.??"]
[EventType "swiss"]
[EventRounds "5"]
[EventCountry "ITA"]
[SourceTitle "EXT 2024"]
[Source "ChessBase"]
[SourceDate "2023.10.10"]
[SourceVersion "1"]
[SourceVersionDate "2023.10.10"]
[SourceQuality "1"]

1. e4 c5 2. Nf3 Nc6 3. d4 cxd4 4. Nxd4 e5 5. Nf5 d6 6. Ne3 Nf6 7. Nc3 Be6 8. Bc4 Rc8 9. 0-0 Bxc4 10. Nxc4 Be7 11. b3 0-0 12. f3 a6 13. a4 Na5 14. Nxa5 Qxa5 15. Nd5 Nxd5 16. exd5 Qc3 17. Ra2 Bd8 18. Qd2 Bb6+ 19. Kh1 Bd4 20. Rd1 Rc7 21. Ba3 Rd8 22. Qe2 Qe3 23. Qxe3 Bxe3 24. c4 Bc5 25. Bxc5 Rxc5 26. Re2 f5 27. h3 Kf7 28. Kg1 Kf6 29. Kf2 h5 30. Rg1 g5 31. Rh1 h4 32. Ra2 a5 33. Re2 Rc7 34. Rhe1 b6 35. Ke3 Rg8 36. Rh1 Rh7 1/2-1/2

[Event "Ceriano Laghetto op-B 19th"]
[Site "Ceriano Laghetto"]
[Date "2010.03.??"]
[Round "4"]
[White "Mansueti, Marco"]
[Black "Ferraris, Fulvio"]
[Result "1/2-1/2"]
[WhiteElo "1860"]
[BlackElo "1726"]
[PlyCount "57"]
[EventDate "2010.03.??"]
[EventType "swiss"]
[EventRounds "5"]
[EventCountry "ITA"]
[SourceTitle "EXT 2024"]
[Source "ChessBase"]
[SourceDate "2023.10.10"]
[SourceVersion "1"]
[SourceVersionDate "2023.10.10"]
[SourceQuality "1"]

1. e4 e6 2. d4 d5 3. exd5 exd5 4. Nf3 Nf6 5. Be2 h6 6. 0-0 Bd6 7. Re1 0-0 8. Nc3 c6 9. h3 Be6 10. Ne5 Nbd7 11. Bf4 Qc7 12. Nxd7 Qxd7 13. Qd2 Bxf4 14. Qxf4 Rfe8 15. Bd3 Rad8 16. Re5 Qd6 17. Qg3 Qb4 18. Ne2 Qxb2 19. Re1 Qb4 20. Nf4 Qxd4 21. Nxe6 fxe6 22. Rxe6 Rxe6 23. Rxe6 Rf8 24. c3 Qc5 25. Kh2 Ne4 26. Bxe4 dxe4 27. Rxe4 Qxf2 28. Qc7 Qxa2 29. Qxb7 1/2-1/2

[Event "Ceriano Laghetto op-B 19th"]
[Site "Ceriano Laghetto"]
[Date "2010.03.??"]
[Round "2"]
[White "Mansueti, Marco"]
[Black "Veronelli, Franco"]
[Result "1-0"]
[WhiteElo "1860"]
[BlackElo "1819"]
[PlyCount "115"]
[EventDate "2010.03.??"]
[EventType "swiss"]
[EventRounds "5"]
[EventCountry "ITA"]
[SourceTitle "EXT 2024"]
[Source "ChessBase"]
[SourceDate "2023.10.10"]
[SourceVersion "1"]
[SourceVersionDate "2023.10.10"]
[SourceQuality "1"]

1. e4 e5 2. Nf3 Nf6 3. Nc3 Nc6 4. Bc4 Nxe4 5. Bxf7+ Kxf7 6. Nxe4 d5 7. Neg5+ Kg8 8. d3 h6 9. Nh3 Bg4 10. Nhg1 e4 11. h3 Bf5 12. Nh2 exd3 13. c3 Qe8+ 14. Kf1 Ne5 15. Ngf3 Bd6 16. Nxe5 Bxe5 17. Nf3 Bd6 18. Be3 c6 19. Qd2 c5 20. Re1 Qh5 21. Bf4 Bxf4 22. Qxf4 Be4 23. Nd2 Rf8 24. Qe3 Qf5 25. Qxc5 b6 26. Qe3 Kh7 27. Kg1 Qg6 28. Nxe4 dxe4 29. Qxe4 Qxe4 30. Rxe4 d2 31. Kh2 Rxf2 32. Rd1 Rhf8 33. Rd4 Re8 34. R1xd2 Ree2 35. Rxe2 Rxe2 36. Rb4 Kg6 37. Kg3 Kf6 38. Kf3 Re5 39. Ra4 a5 40. Rf4+ Ke7 41. Re4 Kd6 42. Rxe5 Kxe5 43. Ke3 b5 44. g3 g6 45. Kd3 Kd5 46. b3 g5 47. a3 h5 48. g4 hxg4 49. hxg4 Ke5 50. c4 bxc4+ 51. bxc4 Kd6 52. Kd4 Kc6 53. c5 Kd7 54. Kd5 a4 55. Kc4 Kc6 56. Kb4 Kd5 57. Kb5 Ke6 58. Kxa4 1-0

[Event "Crema op 11th"]
[Site "Crema"]
[Date "2009.09.04"]
[Round "1"]
[White "Sperli, Maurizio"]
[Black "Mansueti, Marco"]
[Result "0-1"]
[WhiteElo "1562"]
[BlackElo "1859"]
[PlyCount "55"]
[EventDate "2009.09.04"]
[EventType "swiss"]
[EventRounds "6"]
[EventCountry "ITA"]
[SourceTitle "EXT 2011"]
[Source "ChessBase"]
[SourceDate "2010.11.26"]
[SourceVersion "1"]
[SourceVersionDate "2010.11.26"]
[SourceQuality "1"]

1. e4 e5 2. f4 exf4 3. Bc4 Nc6 4. d4 g5 5. h4 Qf6 6. Nf3 h6 7. Nc3 Bb4 8. e5 Bxc3+ 9. bxc3 Qg7 10. Ba3 Nge7 11. Bxe7 Nxe7 12. hxg5 hxg5 13. Rxh8+ Qxh8 14. Nxg5 Qh4+ 15. Kd2 Qxg5 16. Qf3 Rb8 17. Rh1 Qg7 18. Kc1 b5 19. Bd3 Ng6 20. Bxg6 fxg6 21. Qxf4 Rb6 22. d5 Bb7 23. e6 dxe6 24. Re1 Bxd5 25. Qg5 Rd6 26. Qe3 Kd7 27. Qc5 Rc6 28. Qb4 0-1

[Event "Crema op 10th"]
[Site "Crema"]
[Date "2008.09.05"]
[Round "1"]
[White "Mansueti, Marco"]
[Black "Bonazzi, Edoardo"]
[Result "0-1"]
[WhiteElo "1745"]
[BlackElo "2163"]
[PlyCount "72"]
[EventDate "2008.09.05"]
[EventType "swiss"]
[EventRounds "6"]
[EventCountry "ITA"]
[SourceTitle "EXT 2011"]
[Source "ChessBase"]
[SourceDate "2010.11.26"]
[SourceVersion "1"]
[SourceVersionDate "2010.11.26"]
[SourceQuality "1"]

1. d4 Nf6 2. Bf4 d5 3. Nf3 e6 4. e3 Be7 5. Be2 c5 6. dxc5 Bxc5 7. c3 0-0 8. Nbd2 Nc6 9. Qc2 Re8 10. Ne5 Bd6 11. Nxc6 bxc6 12. Bxd6 Qxd6 13. Rd1 Rb8 14. 0-0 Qc7 15. b3 Qb6 16. e4 e5 17. h3 a5 18. Kh2 Ba6 19. Bxa6 Qxa6 20. Rfe1 Rbd8 21. exd5 cxd5 22. f3 Qc6 23. Rc1 Qc7 24. Kh1 Nh5 25. Nf1 Nf4 26. Ng3 g6 27. Ne2 Nh5 28. Qd2 f5 29. c4 d4 30. a3 Qg7 31. c5 e4 32. fxe4 fxe4 33. Rc4 d3 34. Nc3 Rd4 35. Rxd4 Qxd4 36. Na4 e3 0-1

[Event "Bratto op-B 27th"]
[Site "Bratto"]
[Date "2007.08.31"]
[Round "8"]
[White "Tonel, Giulia"]
[Black "Mansueti, Marco"]
[Result "1/2-1/2"]
[WhiteElo "1934"]
[BlackElo "1703"]
[PlyCount "54"]
[EventDate "2007.08.24"]
[EventType "swiss"]
[EventRounds "8"]
[EventCountry "ITA"]
[SourceTitle "CBM 120 Extra"]
[Source "ChessBase"]
[SourceDate "2007.11.01"]
[SourceVersion "1"]
[SourceVersionDate "2007.11.01"]
[SourceQuality "1"]

1. e4 e5 2. Nf3 Nc6 3. Bc4 Nf6 4. d3 Bc5 5. Nbd2 0-0 6. 0-0 d6 7. c3 a5 8. Bb3 b5 9. a4 b4 10. h3 h6 11. Re1 Re8 12. Nc4 bxc3 13. bxc3 Bb7 14. Ne3 Ne7 15. Ng4 Ng6 16. Nfh2 Nxg4 17. Qxg4 Qf6 18. Qg3 Bc8 19. Ng4 Bxg4 20. hxg4 Nf4 21. d4 Bb6 22. Bxf4 Qxf4 23. Qxf4 exf4 24. Kh2 g5 25. g3 fxg3+ 26. Kxg3 Kg7 27. f4 f6 1/2-1/2

[Event "Bratto op-B 27th"]
[Site "Bratto"]
[Date "2007.08.29"]
[Round "6"]
[White "Mansueti, Marco"]
[Black "Antoniacci, Ricardo"]
[Result "0-1"]
[WhiteElo "1703"]
[BlackElo "1989"]
[PlyCount "104"]
[EventDate "2007.08.24"]
[EventType "swiss"]
[EventRounds "8"]
[EventCountry "ITA"]
[SourceTitle "CBM 120 Extra"]
[Source "ChessBase"]
[SourceDate "2007.11.01"]
[SourceVersion "1"]
[SourceVersionDate "2007.11.01"]
[SourceQuality "1"]

1. d4 Nf6 2. Bf4 d6 3. Nf3 Nbd7 4. e3 g6 5. Nbd2 Bg7 6. Be2 0-0 7. h3 c5 8. c3 b6 9. 0-0 Bb7 10. Rc1 Nh5 11. Bh2 f5 12. Ng5 Rf6 13. Bxh5 gxh5 14. Qxh5 Bh6 15. f4 Rg6 16. h4 Nf6 17. Qe2 Qd7 18. e4 Bxg5 19. exf5 Qxf5 20. fxg5 Qd5 21. Rf2 Ne4 22. Qxe4 Qxe4 23. Nxe4 Bxe4 24. Re1 d5 25. dxc5 bxc5 26. c4 e6 27. cxd5 exd5 28. Rf6 Rxf6 29. gxf6 Kf7 30. Bd6 c4 31. Be5 Rg8 32. Re2 Rg4 33. g3 Ke6 34. Rf2 Bg6 35. Kg2 d4 36. f7 Bxf7 37. Rf6+ Kxe5 38. Rxf7 d3 39. Re7+ Kd6 40. Re1 Kd5 41. Kf3 h5 42. Re7 Kd6 43. Re1 a5 44. a4 Kd5 45. Rg1 Kc5 46. Rc1 Kb4 47. Rc3 Re4 48. Rc1 Re2 49. g4 hxg4+ 50. Kxg4 d2 51. Rd1 c3 52. bxc3+ Kxc3 0-1

[Event "Bratto op-B 27th"]
[Site "Bratto"]
[Date "2007.08.26"]
[Round "3"]
[White "Mansueti, Marco"]
[Black "Fiorili, Roberto"]
[Result "1/2-1/2"]
[WhiteElo "1703"]
[BlackElo "1946"]
[PlyCount "59"]
[EventDate "2007.08.24"]
[EventType "swiss"]
[EventRounds "8"]
[EventCountry "ITA"]
[SourceTitle "CBM 120 Extra"]
[Source "ChessBase"]
[SourceDate "2007.11.01"]
[SourceVersion "1"]
[SourceVersionDate "2007.11.01"]
[SourceQuality "1"]

1. d4 f5 2. g3 Nf6 3. Bg2 g6 4. c4 Bg7 5. Nc3 d6 6. e4 fxe4 7. Nxe4 0-0 8. Ne2 Nc6 9. 0-0 Bg4 10. f3 Bd7 11. d5 Na5 12. Qc2 c5 13. Rb1 b5 14. b3 Rb8 15. Bb2 Bf5 16. Bxf6 exf6 17. g4 Bxe4 18. fxe4 Qd7 19. h3 b4 20. Nf4 Nb7 21. Ne6 Rf7 22. Nxg7 Kxg7 23. Qb2 g5 24. Rf5 h6 25. Rbf1 Qe7 26. Kh2 Re8 27. Kg3 Qd8 28. h4 Re5 29. Qf2 Qe7 30. h5 1/2-1/2

[Event "Bratto op-B 27th"]
[Site "Bratto"]
[Date "2007.08.25"]
[Round "2"]
[White "Morandi, Daniele"]
[Black "Mansueti, Marco"]
[Result "1-0"]
[WhiteElo "1904"]
[BlackElo "1703"]
[PlyCount "75"]
[EventDate "2007.08.24"]
[EventType "swiss"]
[EventRounds "8"]
[EventCountry "ITA"]
[SourceTitle "CBM 120 Extra"]
[Source "ChessBase"]
[SourceDate "2007.11.01"]
[SourceVersion "1"]
[SourceVersionDate "2007.11.01"]
[SourceQuality "1"]

1. e4 c5 2. Nf3 Nc6 3. d4 cxd4 4. Nxd4 d6 5. Nc3 e5 6. Nb3 Nge7 7. Bc4 a6 8. a4 g6 9. Bg5 Qc7 10. Bf6 Rg8 11. 0-0 Nd4 12. Bd5 Ndc6 13. a5 Nb4 14. f4 exf4 15. Rxf4 Nbxd5 16. exd5 Bg7 17. Qd4 Kf8 18. Bxe7+ Qxe7 19. Qf2 Be5 20. Rf1 Bxf4 21. Qxf4 Kg7 22. Nd4 f5 23. Nf3 Bd7 24. Re1 Qf6 25. Qb4 Rab8 26. Qb6 Kh8 27. Qc7 Rgd8 28. h4 Qf7 29. Qxd6 Be8 30. Qf4 Qd7 31. Qg5 Qd6 32. Re6 Qc5+ 33. Kh1 Rd7 34. Qf6+ Rg7 35. Qe5 Qc8 36. Re7 Bf7 37. Rxf7 Qg8 38. Rxg7 1-0

[Event "Crema op 06th"]
[Site "Crema"]
[Date "2004.09.05"]
[Round "5"]
[White "Franco, Antonello"]
[Black "Mansueti, Marco"]
[Result "0-1"]
[WhiteElo "1829"]
[BlackElo "1694"]
[PlyCount "94"]
[EventDate "2004.09.03"]
[EventType "swiss"]
[EventRounds "6"]
[EventCountry "ITA"]
[SourceTitle "EXT 2007"]
[Source "ChessBase"]
[SourceDate "2006.11.23"]
[SourceVersion "1"]
[SourceVersionDate "2006.11.23"]
[SourceQuality "1"]

1. d4 d6 2. e4 g6 3. Nf3 Bg7 4. Bc4 Nf6 5. Nc3 0-0 6. 0-0 Bg4 7. h3 Bxf3 8. Qxf3 Nbd7 9. Bg5 e5 10. d5 h6 11. Bh4 c6 12. Bb3 Nc5 13. Rfe1 g5 14. Bg3 Nxb3 15. axb3 cxd5 16. exd5 Qd7 17. Qd3 Nh5 18. Qf3 Nf4 19. Bxf4 exf4 20. Re4 Be5 21. Qd3 h5 22. Rea4 a6 23. b4 Rae8 24. R4a2 Kg7 25. Ne4 Kh6 26. Rc1 f5 27. Nd2 g4 28. c4 f3 29. gxf3 gxh3 30. Kh1 Rg8 31. Qe3+ f4 32. Qd3 Qg7 33. Qf1 Qg2+ 34. Qxg2 hxg2+ 35. Kh2 Bd4 36. Ne4 Rxe4 37. fxe4 Bxf2 38. b3 g1Q+ 39. Rxg1 Bxg1+ 40. Kh1 Be3 41. c5 dxc5 42. bxc5 Bxc5 43. Rc2 Bb6 44. Re2 Rd8 45. Kg2 Kg5 46. Kf3 h4 47. Rg2+ Kh5 0-1

[Event "Bergamo Province-ch"]
[Site "Bergamo"]
[Date "2003.11.07"]
[Round "5"]
[White "Riva, Carlo"]
[Black "Mansueti, Marco"]
[Result "1/2-1/2"]
[WhiteElo "1519"]
[BlackElo "1633"]
[PlyCount "101"]
[EventDate "2003.10.10"]
[EventType "swiss"]
[EventRounds "8"]
[EventCountry "ITA"]
[SourceTitle "EXT 2023"]
[Source "ChessBase"]
[SourceDate "2022.10.05"]
[SourceVersion "1"]
[SourceVersionDate "2022.10.05"]
[SourceQuality "1"]

1. e4 c5 2. Nf3 Nc6 3. d4 cxd4 4. Nxd4 d6 5. Nxc6 bxc6 6. c4 Nf6 7. Bd3 g6 8. Nd2 Bg7 9. Rb1 0-0 10. 0-0 Qa5 11. a4 Rb8 12. Nf3 c5 13. Bd2 Qc7 14. b4 cxb4 15. Bxb4 Nd7 16. Qd2 Ba6 17. Rfc1 Nc5 18. Bxc5 Qxc5 19. Qa2 Rb4 20. Rxb4 Qxb4 21. Rb1 Qc3 22. Qb3 Qxb3 23. Rxb3 Rc8 24. Nd2 Bd4 25. Kf1 e6 26. Ke2 f5 27. exf5 gxf5 28. f4 h6 29. h3 Kf7 30. Kf3 Kf6 31. g4 Rc7 32. gxf5 exf5 33. Rb8 Bb7+ 34. Ke2 Re7+ 35. Kd1 Rf7 36. Nf1 Bg2 37. h4 Bxf1 38. Bxf1 Be3 39. Bd3 Bxf4 40. Rb5 Be5 41. c5 dxc5 42. Rxc5 Rd7 43. Rc6+ Rd6 44. Rxd6+ Bxd6 45. Ke2 Bg3 46. h5 Kg5 47. Kf3 Bd6 48. Bc2 Kxh5 49. Bxf5 Kg5 50. Bd7 h5 51. Kg2 1/2-1/2

[Event "Bergamo Province-ch"]
[Site "Bergamo"]
[Date "2003.10.17"]
[Round "2"]
[White "Mansueti, Marco"]
[Black "Impellizzeri, Francesco"]
[Result "0-1"]
[WhiteElo "1633"]
[BlackElo "1570"]
[PlyCount "106"]
[EventDate "2003.10.10"]
[EventType "swiss"]
[EventRounds "8"]
[EventCountry "ITA"]
[SourceTitle "EXT 2023"]
[Source "ChessBase"]
[SourceDate "2022.10.05"]
[SourceVersion "1"]
[SourceVersionDate "2022.10.05"]
[SourceQuality "1"]

1. d4 d5 2. Bf4 Nf6 3. e3 Bf5 4. Bd3 Bg6 5. Bxg6 hxg6 6. h3 e6 7. Nf3 Bd6 8. Bxd6 Qxd6 9. a3 Nbd7 10. Nbd2 c5 11. c4 0-0 12. cxd5 Nxd5 13. Nc4 Qa6 14. Rc1 Rac8 15. 0-0 cxd4 16. Qxd4 Nc5 17. Ncd2 Nd3 18. Rc4 Rxc4 19. Nxc4 Rc8 20. Qxd3 Qxc4 21. Rd1 Qc2 22. e4 Nf6 23. Ng5 Qxd3 24. Rxd3 Rc1+ 25. Kh2 Rc8 26. e5 Nd5 27. Rf3 Rc7 28. g4 b5 29. b4 Re7 30. Ne4 Rc7 31. Nc5 a5 32. Na6 Ra7 33. Nc5 axb4 34. axb4 Ra1 35. Rb3 g5 36. Ne4 f6 37. exf6 gxf6 38. Nd6 Nc7 39. Rc3 Rd1 40. Rxc7 Rxd6 41. Rc5 Rd5 42. Rxd5 exd5 43. Kg3 Kf7 44. Kf3 Ke6 45. Ke3 Ke5 46. Kd3 d4 47. f3 Kd5 48. f4 gxf4 49. h4 f3 50. h5 Ke6 51. Kd2 Kf7 52. Ke1 d3 53. Kf2 d2 0-1